000 01138nam a2200313Ia 4500
003 OSt
005 20221007123655.0
006 a|||||r|||| 00| 0
007 ta
008 221006b |||||||| |||| 00| 0 eng d
020 _a30540341560 (hbd)
_cRs.3487.89
024 _a77662
037 _b1893, 29/03/2007, Unilib Book Distributors
_cTextbook
040 _aPAPL
_cPAPL
_beng
041 _2eng
_aeng
082 _aCN501, P6.1-.2 Carpa
100 _aBellucci Stefano
_9717575
245 0 _aSupersymmetric mechanics:attractor mechanism and space time singularities
_b Ferrara Sergio Marrani Alessio
260 _aBerlin
_bSpringer-Verlag
_c2006
300 _aviii,242p.
_ccm.
490 _vv 1
_aLecture notes in physics; 698,701
500 _aBibliographical references 235-242p
650 _a Supersymmetric
_9717576
650 _aPhysics
700 _a Ferrara Sergio
_9717577
700 _a Marrani Alessio
_9717578
942 _hCN501, P6.1-.2 Carpa
_cTB
_2CC
999 _c1212304
_d1212304